रेगिस्तान में बाढ उत्सव (Record no. 99227)
[ view plain ]
| 000 -LEADER | |
|---|---|
| fixed length control field | 00468nam a2200145Ia 4500 |
| 008 - FIXED-LENGTH DATA ELEMENTS--GENERAL INFORMATION | |
| fixed length control field | 230917s9999||||xx |||||||||||||| ||und|| |
| 040 ## - CATALOGING SOURCE | |
| -- | 174199 |
| Original cataloging agency | VIVEKANANDA LIBRARY |
| 041 ## - Language | |
| -- | English |
| 082 ## - DDC NUMBER | |
| Classification number | 891.437731 VA215R |
| 100 ## - MAIN ENTRY--PERSONAL NAME | |
| Personal name | वाजपेय, अनुराग |
| 245 #0 - TITLE STATEMENT | |
| Title | रेगिस्तान में बाढ उत्सव |
| 260 ## - PUBLICATION, DISTRIBUTION, ETC. (IMPRINT) | |
| Place of publication, distribution, etc | जयपुर |
| Name of publisher, distributor, etc | विवेक पब्लिशिंग हाऊस |
| Date of publication, distribution, etc | 1997 |
| 300 ## - PHYSICAL DESCRIPTION | |
| Pages | 102 p. |
| 942 ## - ADDED ENTRY ELEMENTS (KOHA) | |
| Koha item type | Hindi Books |
| Withdrawn status | Lost status | Damaged status | Not for loan | Location (home branch) | Sublocation or collection (holding branch) | Date acquired | Koha issues (times borrowed) | Koha full call number | Accession No. | Koha date last seen | Koha item type |
|---|---|---|---|---|---|---|---|---|---|---|---|
| VIVEKANANDA LIBRARY | VIVEKANANDA LIBRARY | 20/12/2010 | 891.437731 VA215R | 182461 | 17/09/2023 | Hindi Books |
